| 000 | 00736nam a22001937a 4500 | ||
|---|---|---|---|
| 008 | 100307s2008 nju|||||r|||| 001 0 eng d | ||
| 020 | _a9780470169971 | ||
| 082 |
_222 _a629.8 _bNIS |
||
| 100 |
_912315 _aNise, Norman S. |
||
| 245 |
_aControl systems engineering / _cNorman S. Nise |
||
| 250 | _a5th ed., International Student version | ||
| 260 |
_aHoboken, NJ: _b Wiley, 2008 _c2008 |
||
| 300 |
_axviii, 861 p. : _b ill. ; _c 26 cm. |
||
| 504 | _aIncludes bibliographical references and index. | ||
| 650 |
_912316 _aAutomatic control |
||
| 650 |
_912317 _aSystems engineering |
||
| 942 |
_2ddc _cNB |
||
| 999 |
_c13598 _d13598 |
||